MARC

LEADER 00000nam0a2200000 4500
001 66813
005 20231031072824.0
035 |a (RuTPU)RU\TPU\book\71075 
090 |a 66813 
100 |a 20040907d2004 k y0rusy50 ca 
101 0 |a rus 
102 |a RU 
105 |a y l 010zy 
200 1 |a Универсальная Десятичная Классификация: изменения и дополнения. Вып. 3  |f Всероссийский институт научной и технической информации (ВИНИТИ); под ред. Ю. М. Арского 
210 |a Москва  |c ВИНИТИ  |d 2004 
215 |a 152 с. 
300 |a К 50-летию ВИНИТИ. 
610 1 |a библиотечное дело 
610 1 |a каталоги 
610 1 |a систематизация 
610 1 |a систематические каталоги 
610 1 |a индексация 
610 1 |a классификационные системы 
610 1 |a УДК 
610 1 |a универсальная десятичная система 
610 1 |a таблицы 
686 |a Ч736.241.21(0)  |v LBC/SL-A  |2 rubbk 
702 1 |a Арский  |b Ю. М.  |4 340 
712 0 2 |a Всероссийский институт научной и технической информации (ВИНИТИ)  |2 stltpush  |3 (RuTPU)RU\TPU\col\2925 
801 1 |a RU  |b 63413507  |c 20040907  |g PSBO 
801 2 |a RU  |b 63413507  |c 20060503  |g PSBO 
942 |c BK